[Event "Florianopolis op 10th"]
[Site "Florianopolis"]
[Date "2024.01.26"]
[Round "8"]
[White "Bueno, Marcos Antonio Ferr"]
[Black "Gurski, Guilherme Rybu"]
[Result "1/2-1/2"]
[WhiteElo "1644"]
[BlackElo "1354"]
[PlyCount "59"]
[EventDate "2024.01.20"]
[EventType "swiss"]
[EventRounds "10"]
[EventCountry "BRA"]
[SourceTitle "CB05_2024"]
[SourceDate "2024.01.31"]
[SourceVersion "1"]
[SourceVersionDate "2024.01.31"]
[SourceQuality "1"]

1. Nf3 Nf6 2. g3 g6 3. Bg2 Bg7 4. 0-0 0-0 5. d3 c5 6. e4 d5 7. exd5 Nxd5 8. c3 Nc6 9. Na3 Bf5 10. Qe2 Nxc3 11. Qd2 Nd5 12. Nh4 Be6 13. Nc2 Rb8 14. a3 Nd4 15. Nxd4 Bxd4 16. Rb1 Bg7 17. Qe2 Qc7 18. Bd2 Rfd8 19. Rfc1 b6 20. b4 Qd6 21. bxc5 bxc5 22. Rxb8 Rxb8 23. Bxd5 Qxd5 24. Be3 Bd4 25. Bxd4 Qxd4 26. Nf3 Qd5 27. Qe3 Bh3 28. Ne1 Be6 29. Rxc5 Qd6 30. Qe5 1/2-1/2

[Event "Manaus op 2nd"]
[Site "Manaus"]
[Date "2023.10.17"]
[Round "9"]
[White "Bueno, Marcos Antonio Ferr"]
[Black "Frota Ibanez, Hugo Adolfo"]
[Result "1/2-1/2"]
[WhiteElo "1638"]
[BlackElo "1822"]
[PlyCount "49"]
[EventDate "2023.10.11"]
[EventType "swiss"]
[EventRounds "9"]
[EventCountry "BRA"]
[SourceTitle "Mega2024 Update 01"]
[Source "Chessbase"]
[SourceDate "2023.11.12"]
[SourceVersion "1"]
[SourceVersionDate "2023.11.12"]
[SourceQuality "1"]

1. Nf3 Nf6 2. g3 g6 3. Bg2 Bg7 4. 0-0 0-0 5. c4 d6 6. Nc3 e5 7. e4 Nc6 8. d3 Bd7 9. a3 a5 10. Rb1 Qc8 11. Bg5 h6 12. Bxf6 Bxf6 13. Nd5 Bg7 14. b4 axb4 15. axb4 Re8 16. b5 Nd4 17. Nxd4 exd4 18. b6 Ra5 19. Nxc7 Ree5 20. Ra1 Bh3 21. f4 Bxg2 22. fxe5 Rxa1 23. Qxa1 Bxf1 24. Kxf1 Bxe5 25. Qa8 1/2-1/2

[Event "Manaus op 2nd"]
[Site "Manaus"]
[Date "2023.10.11"]
[Round "1"]
[White "Fier, Alexandr"]
[Black "Bueno, Marcos Antonio Ferr"]
[Result "1-0"]
[WhiteElo "2574"]
[BlackElo "1638"]
[PlyCount "39"]
[EventDate "2023.10.11"]
[EventType "swiss"]
[EventRounds "9"]
[EventCountry "BRA"]
[SourceTitle "Mega2024 Update 01"]
[Source "Chessbase"]
[SourceDate "2023.11.12"]
[SourceVersion "1"]
[SourceVersionDate "2023.11.12"]
[SourceQuality "1"]

1. e4 c5 2. Nf3 a6 3. Nc3 Nc6 4. d4 cxd4 5. Nxd4 e5 6. Nf5 d6 7. g4 Bxf5 8. exf5 Nge7 9. Bg2 f6 10. Be3 b5 11. a4 Rb8 12. axb5 axb5 13. g5 Qc8 14. gxf6 gxf6 15. Qxd6 Nd4 16. Bxd4 exd4 17. Ne4 Bg7 18. Ra7 Nxf5 19. Nxf6+ Bxf6 20. Bc6+ 1-0

[Event "BRA-ch 87th"]
[Site "Cuiaba"]
[Date "2021.11.03"]
[Round "10"]
[White "Peres, Wallafe Moreira"]
[Black "Bueno, Marcos Antonio Ferr"]
[Result "0-1"]
[WhiteElo "1770"]
[BlackElo "1661"]
[PlyCount "66"]
[EventDate "2021.10.28"]
[EventType "swiss"]
[EventRounds "11"]
[EventCountry "BRA"]
[SourceTitle "CBM 205 Extra"]
[Source "ChessBase"]
[SourceDate "2022.01.31"]
[SourceVersion "1"]
[SourceVersionDate "2022.01.31"]
[SourceQuality "1"]

1. g4 d5 2. Bg2 Bxg4 3. c4 Nf6 4. Qb3 Bc8 5. cxd5 Na6 6. d4 g6 7. e4 Qd6 8. Bd2 e5 9. dxe5 Qxe5 10. Bc3 Qg5 11. Qb5+ Kd8 12. Nd2 Be7 13. e5 Qxg2 14. exf6 Bd6 15. 0-0-0 Qxh1 16. Re1 Qxh2 17. Ngf3 Qxf2 18. Re2 Qc5 19. Qb3 Nb4 20. Ne4 Bf4+ 21. Kd1 Qxd5+ 22. Qxd5+ Nxd5 23. Ne5 Nxc3+ 24. Nxc3 Be6 25. Re4 Bxe5 26. Rxe5 Kd7 27. Kd2 Rad8 28. b4 Kc8+ 29. Ke2 Rhe8 30. Kf3 Rd3+ 31. Re3 Bg4+ 32. Kxg4 Rexe3 33. Nb5 a6 0-1

[Event "Florianopolis Regional STD op"]
[Site "Florianopolis"]
[Date "2018.10.14"]
[Round "6"]
[White "Bueno, Marcos Antonio Ferr"]
[Black "Feller, Gabriela Luisa Vice"]
[Result "0-1"]
[WhiteElo "1712"]
[BlackElo "1581"]
[PlyCount "52"]
[EventDate "2018.10.12"]
[EventType "swiss"]
[EventRounds "6"]
[EventCountry "BRA"]
[SourceTitle "CBM 186 Extra"]
[Source "ChessBase"]
[SourceDate "2018.08.24"]
[SourceVersion "1"]
[SourceVersionDate "2018.08.24"]
[SourceQuality "1"]

1. Nf3 d5 2. g3 Nf6 3. Bg2 e6 4. 0-0 Be7 5. d3 0-0 6. Nbd2 c5 7. c3 Nc6 8. Qc2 Rb8 9. a4 b6 10. e4 Bb7 11. Re1 Qc7 12. e5 Nd7 13. d4 cxd4 14. cxd4 Rbc8 15. Nf1 Nxd4 16. Qxc7 Nxf3+ 17. Bxf3 Rxc7 18. Bd2 Rfc8 19. b4 Ba6 20. b5 Bb7 21. a5 Nc5 22. axb6 axb6 23. Ra7 Nb3 24. Be3 Bc5 25. Rb1 Bxe3 26. Rxb3 Bd4 0-1

[Event "Florianopolis Regional STD op"]
[Site "Florianopolis"]
[Date "2018.10.14"]
[Round "5"]
[White "Da Silva, Marcos Henrique"]
[Black "Bueno, Marcos Antonio Ferr"]
[Result "1/2-1/2"]
[WhiteElo "1739"]
[BlackElo "1712"]
[PlyCount "38"]
[EventDate "2018.10.12"]
[EventType "swiss"]
[EventRounds "6"]
[EventCountry "BRA"]
[SourceTitle "CBM 186 Extra"]
[Source "ChessBase"]
[SourceDate "2018.08.24"]
[SourceVersion "1"]
[SourceVersionDate "2018.08.24"]
[SourceQuality "1"]

1. e4 d6 2. d4 Nf6 3. Nc3 g6 4. f3 Bg7 5. Be3 0-0 6. Qd2 e5 7. Nge2 c6 8. 0-0-0 Na6 9. g4 exd4 10. Nxd4 Nc7 11. h4 h5 12. Bh6 hxg4 13. Bxg7 Kxg7 14. fxg4 Bxg4 15. Be2 Bxe2 16. Qxe2 Rh8 17. e5 Nh5 18. exd6 Ne8 19. Qe5+ Qf6 1/2-1/2

[Event "Florianopolis Regional STD op"]
[Site "Florianopolis"]
[Date "2018.10.13"]
[Round "3"]
[White "Tomiello, Mateus Costamilan"]
[Black "Bueno, Marcos Antonio Ferr"]
[Result "1-0"]
[WhiteElo "1954"]
[BlackElo "1712"]
[PlyCount "26"]
[EventDate "2018.10.12"]
[EventType "swiss"]
[EventRounds "6"]
[EventCountry "BRA"]
[SourceTitle "CBM 186 Extra"]
[Source "ChessBase"]
[SourceDate "2018.08.24"]
[SourceVersion "1"]
[SourceVersionDate "2018.08.24"]
[SourceQuality "1"]

1. e4 d6 2. d4 Nf6 3. f3 g6 4. Bd3 Bg7 5. c4 0-0 6. Nc3 e5 7. d5 a5 8. Nge2 Nbd7 9. g4 b6 10. Ng3 c5 11. b4 Ne8 12. Qd2 f5 13. gxf5 gxf5 1-0

[Event "Florianopolis Regional STD op"]
[Site "Florianopolis"]
[Date "2018.10.12"]
[Round "2"]
[White "Bueno, Marcos Antonio Ferr"]
[Black "Garcia, Otavio Landerdahl"]
[Result "1-0"]
[WhiteElo "1712"]
[BlackElo "1236"]
[PlyCount "71"]
[EventDate "2018.10.12"]
[EventType "swiss"]
[EventRounds "6"]
[EventCountry "BRA"]
[SourceTitle "CBM 186 Extra"]
[Source "ChessBase"]
[SourceDate "2018.08.24"]
[SourceVersion "1"]
[SourceVersionDate "2018.08.24"]
[SourceQuality "1"]

1. Nf3 Nf6 2. g3 d5 3. Bg2 Bg4 4. 0-0 Nc6 5. d3 e6 6. Nbd2 Bc5 7. c3 0-0 8. b4 Bb6 9. a4 a5 10. b5 Ne7 11. Ba3 Re8 12. c4 Rc8 13. c5 Ba7 14. Nb3 b6 15. c6 h6 16. Bb2 Ng6 17. Ne5 Nxe5 18. Bxe5 Nh7 19. h3 Bf5 20. e4 dxe4 21. dxe4 Bg6 22. Qc2 f6 23. Rfd1 Qe7 24. Rd7 Qf8 25. Bxc7 e5 26. Bd6 Qxd6 27. Rxd6 Ng5 28. h4 Nf7 29. Rd7 Bb8 30. Qc4 Bd6 31. Rd1 Red8 32. Bh3 Kf8 33. Rb7 Rb8 34. Rxb8 Rxb8 35. c7 Rc8 36. Bxc8 1-0

[Event "Brazil AXPG op 1st"]
[Site "Ponta Grossa"]
[Date "2017.10.27"]
[Round "3"]
[White "Heinrichs, Vivian"]
[Black "Bueno, Marcos Antonio Ferr"]
[Result "1-0"]
[WhiteElo "2005"]
[BlackElo "1724"]
[PlyCount "47"]
[EventDate "2017.10.26"]
[EventType "swiss"]
[EventRounds "7"]
[EventCountry "BRA"]
[SourceTitle "CBM 181 Extra"]
[Source "ChessBase"]
[SourceDate "2017.12.12"]
[SourceVersion "1"]
[SourceVersionDate "2017.12.12"]
[SourceQuality "1"]

1. e4 d6 2. d4 Nf6 3. Nc3 g6 4. f3 Bg7 5. Be3 0-0 6. Qd2 c6 7. g4 b5 8. h4 h5 9. g5 Nh7 10. 0-0-0 a5 11. f4 Bg4 12. Be2 Bxe2 13. Ncxe2 f5 14. gxf6 Nxf6 15. Ng3 Ng4 16. f5 Nxe3 17. Qxe3 Qe8 18. Nf3 Nd7 19. fxg6 Qxg6 20. Nf5 Rxf5 21. exf5 Qxf5 22. Ng5 e5 23. Rhf1 Qg4 24. Qd3 1-0

[Event "Brazil AXPG op 1st"]
[Site "Ponta Grossa"]
[Date "2017.10.26"]
[Round "1"]
[White "Martins, Carlos"]
[Black "Bueno, Marcos Antonio Ferr"]
[Result "1-0"]
[WhiteElo "2255"]
[BlackElo "1724"]
[PlyCount "40"]
[EventDate "2017.10.26"]
[EventType "swiss"]
[EventRounds "7"]
[EventCountry "BRA"]
[SourceTitle "CBM 181 Extra"]
[Source "ChessBase"]
[SourceDate "2017.12.12"]
[SourceVersion "1"]
[SourceVersionDate "2017.12.12"]
[SourceQuality "1"]

1. e4 d6 2. d4 Nf6 3. Nc3 g6 4. Bg5 Bg7 5. Qd2 0-0 6. 0-0-0 c6 7. f3 Qc7 8. Bh6 Nbd7 9. h4 e5 10. dxe5 dxe5 11. h5 Nc5 12. Bxg7 Kxg7 13. g4 Ne6 14. hxg6 fxg6 15. Qh6+ Kh8 16. Qxg6 Qg7 17. Qxg7+ Kxg7 18. Nge2 Ng5 19. Ng3 Be6 20. Be2 Rad8 1-0

[Event "Curitiba Sul Region-ch"]
[Site "Curitiba"]
[Date "2017.04.16"]
[Round "5"]
[White "Perondi, Marcelo"]
[Black "Bueno, Marcos Antonio Ferr"]
[Result "1/2-1/2"]
[WhiteElo "1532"]
[BlackElo "1737"]
[PlyCount "49"]
[EventDate "2017.04.14"]
[EventType "swiss"]
[EventRounds "6"]
[EventCountry "BRA"]
[SourceTitle "CBM 178 Extra"]
[Source "ChessBase"]
[SourceDate "2017.06.22"]
[SourceVersion "1"]
[SourceVersionDate "2017.06.22"]
[SourceQuality "1"]

1. Nf3 d5 2. c4 Nf6 3. b3 c5 4. g3 Nc6 5. Bg2 d4 6. d3 e5 7. Na3 Bd7 8. Nc2 Be7 9. a3 a5 10. Bd2 Qc7 11. 0-0 0-0 12. Rb1 Bh3 13. b4 Bxg2 14. Kxg2 axb4 15. axb4 e4 16. dxe4 Nxe4 17. bxc5 Nxd2 18. Qxd2 Bxc5 19. Ncxd4 Rfd8 20. e3 Na5 21. Qc2 b6 22. Nh4 Bxd4 23. exd4 Qxc4 24. Qxc4 Nxc4 25. Nf3 1/2-1/2

[Event "Curitiba Sul Region-ch"]
[Site "Curitiba"]
[Date "2017.04.14"]
[Round "2"]
[White "Bueno, Marcos Antonio Ferr"]
[Black "De Oliveira, Wythor Rogerio"]
[Result "1-0"]
[WhiteElo "1737"]
[BlackElo "1257"]
[PlyCount "97"]
[EventDate "2017.04.14"]
[EventType "swiss"]
[EventRounds "6"]
[EventCountry "BRA"]
[SourceTitle "CBM 178 Extra"]
[Source "ChessBase"]
[SourceDate "2017.06.22"]
[SourceVersion "1"]
[SourceVersionDate "2017.06.22"]
[SourceQuality "1"]

1. Nf3 Nf6 2. g3 g6 3. Bg2 Bg7 4. 0-0 0-0 5. d3 Nc6 6. e4 e5 7. Nbd2 d6 8. c3 Bd7 9. a4 a5 10. Nc4 Qc8 11. Ne3 Ne7 12. Bd2 Bh3 13. Ng5 Bxg2 14. Kxg2 d5 15. f4 d4 16. Nc4 Nd7 17. cxd4 exd4 18. Bxa5 b6 19. Bd2 Nc5 20. Qc2 Nc6 21. b4 Ne6 22. Nf3 f5 23. Rfe1 fxe4 24. Rxe4 Qd7 25. Rae1 Ncd8 26. b5 Bf6 27. Bb4 Nc5 28. Nce5 Qd6 29. Rxd4 Qe7 30. Qc4+ Qe6 31. Bxc5 Qxc4 32. Rxc4 bxc5 33. Nd7 Rf7 34. Nxc5 Kf8 35. Na6 Rc8 36. Ne5 Re7 37. Nb4 Bxe5 38. Rxe5 Rxe5 39. fxe5 Ke7 40. d4 Ke6 41. Kf3 g5 42. Ke4 h5 43. d5+ Ke7 44. a5 Rb8 45. Rxc7+ Ke8 46. b6 Nb7 47. Nc6 Nc5+ 48. Kf5 Na6 49. Nxb8 1-0

[Event "Curitiba Sul Region-ch"]
[Site "Curitiba"]
[Date "2017.04.14"]
[Round "1"]
[White "Umetsubo, Cesar Hidemitsu"]
[Black "Bueno, Marcos Antonio Ferr"]
[Result "1-0"]
[WhiteElo "2392"]
[BlackElo "1737"]
[PlyCount "51"]
[EventDate "2017.04.14"]
[EventType "swiss"]
[EventRounds "6"]
[EventCountry "BRA"]
[SourceTitle "CBM 178 Extra"]
[Source "ChessBase"]
[SourceDate "2017.06.22"]
[SourceVersion "1"]
[SourceVersionDate "2017.06.22"]
[SourceQuality "1"]

1. e4 d6 2. d4 Nf6 3. Nc3 g6 4. Nf3 Bg7 5. Be2 0-0 6. 0-0 e5 7. Bg5 Nbd7 8. Qd2 a6 9. a4 Qe8 10. dxe5 dxe5 11. Bc4 Nc5 12. Rfe1 Bg4 13. Qe3 Nfd7 14. Nd5 Ne6 15. Be7 c6 16. Bxf8 Qxf8 17. Nb6 Nxb6 18. Qxb6 Bxf3 19. gxf3 Nd4 20. Red1 Qe7 21. Ra3 Nxc2 22. Rb3 Nd4 23. Qxb7 Nxf3+ 24. Kh1 Qxb7 25. Rxb7 Ng5 26. Rdd7 1-0

[Event "Foz do Iguacu op 6th"]
[Site "Foz do Iguacu"]
[Date "2016.05.27"]
[Round "1"]
[White "Villalba, Marcelo"]
[Black "Bueno, Marcos Antonio Ferr"]
[Result "1-0"]
[WhiteElo "2265"]
[BlackElo "1740"]
[PlyCount "39"]
[EventDate "2016.05.27"]
[EventType "swiss"]
[EventRounds "6"]
[EventCountry "BRA"]
[SourceTitle "CBM 172 Extra"]
[Source "ChessBase"]
[SourceDate "2016.06.21"]
[SourceVersion "1"]
[SourceVersionDate "2016.06.21"]
[SourceQuality "1"]

1. e4 d6 2. d4 Nf6 3. f3 g6 4. c4 Bg7 5. Nc3 c6 6. Be3 0-0 7. Qd2 e5 8. Nge2 Be6 9. d5 Bc8 10. 0-0-0 c5 11. g4 Bxg4 12. fxg4 Nxg4 13. Ng3 Qh4 14. Bg5 Bh6 15. Bxh4 Bxd2+ 16. Rxd2 f6 17. Bh3 h5 18. Nge2 g5 19. Bg3 Nd7 20. Nb5 1-0

[Event "Curitiba op"]
[Site "Curitiba"]
[Date "2016.04.21"]
[Round "2"]
[White "Bueno, Marcos Antonio Ferr"]
[Black "Sekula, Markley Ribas"]
[Result "0-1"]
[WhiteElo "1740"]
[BlackElo "2021"]
[PlyCount "34"]
[EventDate "2016.04.21"]
[EventType "swiss"]
[EventRounds "7"]
[EventCountry "BRA"]
[SourceTitle "CBM 172 Extra"]
[Source "ChessBase"]
[SourceDate "2016.06.21"]
[SourceVersion "1"]
[SourceVersionDate "2016.06.21"]
[SourceQuality "1"]

1. Nf3 d6 2. g3 e5 3. e4 f5 4. d3 Nf6 5. Bg5 Be7 6. Nc3 c6 7. Bg2 0-0 8. 0-0 h6 9. Bd2 Qe8 10. Qe2 fxe4 11. dxe4 Qh5 12. Nh4 Bg4 13. Qc4+ Kh7 14. f4 b5 15. Qb3 Nbd7 16. Be3 exf4 17. Rxf4 g5 0-1

[Event "Curitiba Sul Regional-ch"]
[Site "Curitiba"]
[Date "2015.07.10"]
[Round "1"]
[White "Bueno, Marcos Antonio Ferr"]
[Black "Pires, Marcos Vinicius Tor"]
[Result "0-1"]
[WhiteElo "1745"]
[BlackElo "2253"]
[PlyCount "68"]
[EventDate "2015.07.10"]
[EventType "swiss"]
[EventRounds "6"]
[EventCountry "BRA"]
[SourceTitle "EXT 2016"]
[Source "ChessBase"]
[SourceDate "2015.10.08"]
[SourceVersion "1"]
[SourceVersionDate "2015.10.08"]
[SourceQuality "1"]

1. Nf3 d5 2. g3 c6 3. Bg2 Bf5 4. 0-0 e6 5. d3 Bd6 6. Nbd2 Ne7 7. e4 Bg4 8. e5 Bc7 9. d4 0-0 10. Re1 Nd7 11. Nf1 c5 12. c3 Nc6 13. Ne3 Bh5 14. g4 Bg6 15. Nf1 Bb6 16. Ng3 cxd4 17. cxd4 Nb4 18. Re2 Rc8 19. Ne1 Rc4 20. Be3 Qc7 21. a3 Nc2 22. Nxc2 Bxc2 23. Qd2 Bb3 24. Qd3 Bc2 25. Qd2 Bg6 26. Qd1 f6 27. Rc1 Rxc1 28. Bxc1 fxe5 29. dxe5 Nxe5 30. Bxd5 exd5 31. Qxd5+ Bf7 32. Qxe5 Qxc1+ 33. Kg2 Qc6+ 34. f3 Qxf3+ 0-1

[Event "Curitiba Terzian Memorial op"]
[Site "Curitiba"]
[Date "2014.11.02"]
[Round "5"]
[White "Fier, Luciano dos Santos"]
[Black "Bueno, Marcos Antonio Ferr"]
[Result "1-0"]
[WhiteElo "1939"]
[BlackElo "1741"]
[PlyCount "73"]
[EventDate "2014.10.31"]
[EventType "swiss"]
[EventRounds "6"]
[EventCountry "BRA"]
[SourceTitle "EXT 2015"]
[Source "ChessBase"]
[SourceDate "2014.11.20"]
[SourceVersion "1"]
[SourceVersionDate "2014.11.20"]
[SourceQuality "1"]

1. Nf3 Nf6 2. c4 c5 3. d4 e6 4. d5 d6 5. Nc3 e5 6. e4 g6 7. Bd3 Bg7 8. Bg5 Na6 9. a3 h6 10. Be3 0-0 11. 0-0 Nc7 12. b4 b6 13. Nd2 Ng4 14. Qe2 Nxe3 15. Qxe3 f5 16. f3 f4 17. Qe1 h5 18. Kh1 g5 19. Ra2 Qf6 20. bxc5 bxc5 21. Nb5 Ne8 22. Be2 Qh6 23. Nb3 a6 24. Nc3 g4 25. g3 gxf3 26. Bxf3 Ra7 27. Rg1 Bg4 28. Rf2 Nf6 29. gxf4 exf4 30. e5 dxe5 31. Nxc5 Rc8 32. N3e4 Bxf3+ 33. Rxf3 Nxe4 34. Nxe4 Rxc4 35. Qb1 Rd7 36. Qb8+ Kh7 37. Ng5+ 1-0

[Event "Curitiba CC 76 Anniversary"]
[Site "Curitiba"]
[Date "2014.02.02"]
[Round "5"]
[White "Bueno, Marcos Antonio Ferr"]
[Black "Perondi, Marcelo"]
[Result "1-0"]
[WhiteElo "1737"]
[BlackElo "1520"]
[PlyCount "91"]
[EventDate "2014.01.31"]
[EventType "swiss"]
[EventRounds "6"]
[EventCountry "BRA"]
[SourceTitle "CBM 158 Extra"]
[Source "ChessBase"]
[SourceDate "2014.02.28"]
[SourceVersion "1"]
[SourceVersionDate "2014.02.28"]
[SourceQuality "1"]

1. Nf3 Nf6 2. g3 g6 3. Bg2 d5 4. 0-0 c5 5. d3 Bg7 6. Nbd2 Nc6 7. c3 0-0 8. Qc2 Bd7 9. e4 dxe4 10. dxe4 Qc8 11. Nc4 Bh3 12. Ne3 Bxg2 13. Kxg2 h6 14. Nd5 e6 15. Nxf6+ Bxf6 16. Bxh6 Bg7 17. Qc1 Qc7 18. Bxg7 Kxg7 19. Qg5 b6 20. e5 Qe7 21. Qe3 Rh8 22. Rad1 Rad8 23. Qe4 Qc7 24. Qf4 Qe7 25. h4 Rh5 26. Rxd8 Qxd8 27. g4 Rh8 28. Kg3 Qe7 29. Rd1 Rd8 30. Rd6 Rxd6 31. exd6 Qd7 32. g5 Nd8 33. Nd2 Nb7 34. Ne4 Qd8 35. Qe5+ Kg8 36. f4 a6 37. Kg4 Na5 38. Nf6+ Kf8 39. d7 Nc6 40. Qd6+ Ne7 41. a4 Kg7 42. h5 gxh5+ 43. Nxh5+ Kg6 44. Nf6 Nf5 45. Qd3 a5 46. Qh3 1-0

[Event "Curitiba CC 76 Anniversary"]
[Site "Curitiba"]
[Date "2014.02.02"]
[Round "6"]
[White "Ribeiro, Regina"]
[Black "Bueno, Marcos Antonio Ferr"]
[Result "1-0"]
[WhiteElo "2024"]
[BlackElo "1737"]
[PlyCount "39"]
[EventDate "2014.01.31"]
[EventType "swiss"]
[EventRounds "6"]
[EventCountry "BRA"]
[SourceTitle "CBM 158 Extra"]
[Source "ChessBase"]
[SourceDate "2014.02.28"]
[SourceVersion "1"]
[SourceVersionDate "2014.02.28"]
[SourceQuality "1"]

1. Nf3 d5 2. g3 c5 3. Bg2 Nc6 4. d4 Nf6 5. 0-0 cxd4 6. Nxd4 e5 7. Nxc6 bxc6 8. c4 Bb7 9. Qa4 Be7 10. Nc3 0-0 11. Bg5 d4 12. Bxf6 gxf6 13. Rfd1 Qc7 14. Ne4 f5 15. Nd2 e4 16. c5 Bxc5 17. Nb3 Qb6 18. Rac1 d3 19. Nxc5 dxe2 20. Re1 1-0

[Event "Fortaleza Alves memorial 17th"]
[Site "Fortaleza"]
[Date "2013.05.17"]
[Round "1"]
[White "Bueno, Marcos Antonio Ferr"]
[Black "Pereira, Silvio Cunha"]
[Result "0-1"]
[WhiteElo "1763"]
[BlackElo "2311"]
[PlyCount "88"]
[EventDate "2013.05.17"]
[EventType "swiss"]
[EventRounds "6"]
[EventCountry "BRA"]
[SourceTitle "CBM 154 Extra"]
[Source "ChessBase"]
[SourceDate "2013.06.25"]
[SourceVersion "2"]
[SourceVersionDate "2013.06.25"]
[SourceQuality "1"]

1. Nf3 f5 2. g3 g6 3. Bg2 Bg7 4. 0-0 d6 5. d3 Nh6 6. c3 c6 7. Qb3 Nf7 8. Nbd2 Nd7 9. e4 a5 10. a4 Nc5 11. Qc2 0-0 12. d4 Nxe4 13. Nxe4 fxe4 14. Qxe4 Bf5 15. Qe2 Qd7 16. Re1 Rae8 17. Bf4 Bg4 18. Qc4 d5 19. Qd3 Bxf3 20. Bxf3 e5 21. dxe5 g5 22. Be4 gxf4 23. Bxh7+ Kh8 24. Bf5 Qe7 25. gxf4 Nh6 26. Bg6 Rxf4 27. Bxe8 Qxe8 28. Re3 Nf5 29. Rf3 Re4 30. Rh3+ Kg8 31. Qf3 Qxe5 32. Qh5 Nd6 33. Qh7+ Kf8 34. Rf3+ Rf4 35. Re3 Qf6 36. Rf1 Ne4 37. Qh3 Qf5 38. Qxf5+ Rxf5 39. Kg2 Bh6 40. Re2 Nc5 41. f3 Rf4 42. Rfe1 Bg5 43. Kg3 Rxa4 44. h3 Bh4+ 0-1